000
00291nam a22001337a 4500
020
_a
9781441979421
041
_a
ENG
100
_a
Ling.F.F
245
_a
Fundamentals Of Combustion Processes
260
_a
Delhi
_b
Springer
_c
2011
300
_a
302
650
_a
FMP
856
_u
FMP ( 04 )
999
_c
1418
_d
1418